000
00188 a2200097 4500
001
8110
100
_a
Gamow, G
245
_a
Puzzle Math
260
_a
_b
Macmillan
_c
090
_c
6511
_d
6511
942
_a
NUST-CAE
_c
M
_c
33058
999
_c
243183
_d
243183